Normal view
MARC view
Entry Personal Name
001 - CONTROL NUMBER
- control field: 8937
003 - CONTROL NUMBER IDENTIFIER
- control field: dpl
005 - DATE AND TIME OF LATEST TRANSACTION
- control field: 20100807170610.0
008 - FIXED-LENGTH DATA ELEMENTS
- fixed length control field: 100807|||a|||||| | ||| d
040 ## - CATALOGING SOURCE
- Original cataloging agency: dpl
- Transcribing agency: dpl
100 ## - HEADING--PERSONAL NAME
- Personal name: Gokhale, Priya
670 ## - SOURCE DATA FOUND
- Source citation: Work cat.: (dpl): Thite, Abhijit 8936, The other schindler Irena Sendler :, 2010
670 ## - SOURCE DATA FOUND
- Source citation: Work cat.: (dpl): Thite, Abhijit 8936, The other schindler Irena Sendler :, 2010
